Food : The chemistry of its components

As a source of detailed information on the chemistry of food, this book is without equal. It investigates components which are present in large amounts (carbohydrates, fats, proteins, minerals and water) and also those that occur in smaller quantities (pigments, flavours, vitamins and preservatives)...

詳細記述

保存先:
書誌詳細
第一著者: Coultate, T. P.
フォーマット: 図書
言語:Undetermined
出版事項: Cambridge Royal Society of Chemistry c 2009
主題:
タグ: タグ追加
タグなし, このレコードへの初めてのタグを付けませんか!
Thư viện lưu trữ: Trung tâm Học liệu Trường Đại học Cần Thơ
LEADER 01912nam a2200229Ia 4500
001 CTU_170409
008 210402s9999 xx 000 0 und d
020 |c 100.64 
082 |a 664 
082 |b C855 
100 |a Coultate, T. P. 
245 0 |a Food : 
245 4 |b The chemistry of its components 
245 0 |c T. P. Coultate 
260 |a Cambridge 
260 |b Royal Society of Chemistry 
260 |c c 2009 
520 |a As a source of detailed information on the chemistry of food, this book is without equal. It investigates components which are present in large amounts (carbohydrates, fats, proteins, minerals and water) and also those that occur in smaller quantities (pigments, flavours, vitamins and preservatives). The fifth edition has been extensively rewritten to bring it right up to date and a number of new topics have been introduced. New features include: (1) Topics of particular interest to specialist readers or more advanced students have been moved to a Special Topics section at the end of each chapter; (2) An exhaustive index and the structural formulae of more than 600 food components are given; (3) Features a comprehensive listing of recent, relevant review articles as well as books for further reading; (4) The nutritional significance of food components is indicated at every stage without attempting to usurp the role of explicitly nutrition texts; (5) Total updating in all chapters including legislative changes with many new diagrams and almost all others completely redrawn; (6) Frequent references, where appropriate, to wider issues, e.g. the evolutionary significance of lactose intolerance, fava bean consumption and malaria, rain forest destruction 
650 |a Food,Food,Thực phẩm,Thực phẩm 
650 |x Composition,Analysis,Thành phần,Phân tích 
904 |i Qhieu 
980 |a Trung tâm Học liệu Trường Đại học Cần Thơ